Η δημοκρατία του έρωτα
Αποθηκεύτηκε σε:
| Κύριος συγγραφέας: | |
|---|---|
| Άλλοι συγγραφείς: | , |
| Μορφή: | Βιβλίο |
| Γλώσσα: | Greek English |
| Δημοσίευση: |
Αθήνα :
Ωκεανίδα,
c1995.
|
| Θέματα: | |
| Ετικέτες: |
Προσθήκη ετικέτας
Δεν υπάρχουν, Καταχωρήστε ετικέτα πρώτοι!
|
MARC
| LEADER | 00000cam a2200000 a 4500 | ||
|---|---|---|---|
| 001 | 1/125378 | ||
| 008 | 220920t1995####gr | ||| |||| ||gre|| | ||
| 020 | |a 9607213661 |q (χαρτόδετο) | ||
| 040 | |a GR-MyUa |b gre |c GR-MyUa |e AACR2 | ||
| 041 | 1 | |a gre |h eng | |
| 082 | 7 | |a 810 |2 (23) | |
| 100 | 1 | |a Shields, Carol, |e aut | |
| 245 | 1 | 2 | |a Η δημοκρατία του έρωτα / |c μετάφραση Έφη Καλλιφατίδη ; επιμέλεια Διονυσία Μπιτζιλέκη. |
| 260 | |a Αθήνα : |b Ωκεανίδα, |c c1995. | ||
| 300 | |a 424 σ.: |c 18 εκ. | ||
| 650 | 0 | |a English literature |y 20th century. | |
| 700 | 1 | |a Καλλιφατίδη, Έφη, |e trlf | |
| 700 | 1 | |a Μπιτζιλέκη, Διονυσία, |e edtf | |
| 852 | |a INST |b CHIOS |e 20220920 |h 810 SHI |p 005200040591 |q 005200040591 |t BK |y 0 | ||
| 970 | |a Παροικάκη |b Βασιλική |z 20/09/22 | ||